Sininho Anda com Azar (Registo nº 198235)
[ vista simples ]
| 000 -Etiqueta do registo | |
|---|---|
| Valores | 00664nam 22002053 4500 |
| 010 ## - Número ISBN | |
| ISBN | 972-22-2538-3 |
| 021 ## - Número do Depósito Legal | |
| Número | 242825/06 |
| 100 ## - Dados gerais de processamento | |
| Dados gerais | 20251002d u||y0pory50 ba |
| 200 ## - Titulo e menção de responsabilidade | |
| Título próprio | Sininho Anda com Azar |
| Primeira menção de responsabilidade | Disney |
| Outras menções de responsabilidade | versão portuguesa de Maria Isabel de Mendonça Soares |
| -- | ilustrado por Judith Holmes Clarke & The Disney Storybook Artists |
| 210 ## - Publicação | |
| Local de publicação | Lisboa |
| Nome do editor | Editorial Verbo |
| Data de publicação | 2006 |
| 215 ## - Descrição física | |
| Paginação / Volumes | 109, [9] p. |
| Outras indicações físicas | brochado |
| Dimensões | 20 cm |
| 225 ## - Colecção | |
| Título próprio da colecção | Fadas |
| Indicação de volume | 1 |
| 606 ## - Nome comum usado como assunto | |
| ID Autoridade | 57 |
| Palavra de ordem | Literatura Juvenil Americana |
| 675 ## - CDU | |
| Notação | 8213.111(73)-93 |
| Edição | PT |
| Língua | por |
| 700 ## - Autor principal (pessoa individual) | |
| ID Autoridade | 233 |
| Apelido | [Disney] |
| 801 ## - Fonte de origem | |
| País | PT |
| Agência | BMMN |
| Regras de catalogação | RPC |
| 830 ## - Notas gerais do catalogador | |
| Criado por | Ana Caetano |
| 990 ## - Elementos KOHA | |
| Tipo de documento | Livro |
| Situação do levantamento | Biblioteca de origem | Código de barras | Cota | Permissão de empréstimo | Tipo de documento | Forma de aquisição |
|---|---|---|---|---|---|---|
| Biblioteca Escola São João de Deus | 26465 | 821.111(73)-93 DIS | Livro | Oferta | ||
| Biblioteca Escola São João de Deus | 26466 | 821.111(73)-93 DIS | Livro | Oferta |